| 000 | 02995cam a22006494i 4500 | ||
|---|---|---|---|
| 003 | PE-LiUPU | ||
| 005 | 20250731180118.0 | ||
| 008 | 150623s2001 mx a r 000 0 spa d | ||
| 020 | _a970103368X | ||
| 020 | _a9789701033685 | ||
| 035 | _a(Sirsi) i9789701033685 | ||
| 040 |
_aPE-LiUPU _bspa _cPE-LiUPU _erda |
||
| 049 | _aPRUA | ||
| 082 | 0 | 4 |
_a574 _bS66 _221 |
| 100 | 1 |
_aSolomon, Eldra Pearl, _eautor. |
|
| 245 | 1 | 0 |
_aBiología / _cEldra Pearl Solomon, Linda R. Berg, Diana W. Martin ; traduccion Roberto Palacios Martinez, Gabriel Gonzalez Loyola. |
| 250 | _a5a edición. | ||
| 264 | 1 |
_aMexico : _bMcGraw-Hil Interamericana, _c2001. |
|
| 300 |
_a1237 páginas : _bilustraciones ; _c28 centímetros |
||
| 336 |
_atext _2rdacontent |
||
| 337 |
_aunmediated _2rdamedia |
||
| 338 |
_avolume _2rdacarrier |
||
| 505 | 0 | _aOrganización de la vida -- Transferencia de energía en los sistemas vivos -- Continuidad de la vida:Genética -- Continuidad de la vida: Evolución -- Diversidad de la vida -- Estructura y procesos vitales de las plantas -- Estructuras y procesos vitales de los animales -- Interacción de la vida: Ecología. | |
| 526 | _aSEG44 | ||
| 526 | _aSEG26 | ||
| 526 | _aP159 | ||
| 526 | _aP155 | ||
| 526 | _aP154 | ||
| 526 | _aP153 | ||
| 526 | _aP150 | ||
| 526 | _aP100 | ||
| 526 | _aP31 | ||
| 526 | _aP30 | ||
| 526 | _aP26 | ||
| 526 | _aP25 | ||
| 526 | _aP24 | ||
| 526 | _aP22 | ||
| 526 | _aP15 | ||
| 526 | _aP10 | ||
| 650 | 0 | 4 | _aBiología. |
| 700 | 1 |
_aBerg, Linda R., _eautor. |
|
| 700 | 1 |
_aGonzalez-Loyola, Gabriel, _etraductor. |
|
| 700 | 1 |
_aMartin, Diana W., _eautor. |
|
| 700 | 1 |
_aPalacios Martinez, Roberto, _etraductor |
|
| 942 |
_2ddc _cBOOK |
||
| 949 |
_a574 S66 _wDEWEY _c1 _i54188 _d2016-6-6 _e2016-6-3 _lCCODEBUL1 _mBUL _n5 _r0 _sY _tBOOK _u2015-6-24 _xSALUD _zUNKNOWN _0COMPRA _o.STAFF. Colección Ciencias de la Salud |
||
| 949 |
_a574 S66 _wDEWEY _c2 _i49678 _d2016-5-20 _e2016-5-17 _lCCODEBUL1 _mBUL _n3 _r0 _sY _tBOOK _u2015-6-24 _xSALUD _zUNKNOWN _0COMPRA _o.STAFF. Colección Ciencias de la Salud |
||
| 949 |
_a574 S66 _wDEWEY _c1 _iFJ05953 _lCCODEBUJ1 _mBUJ _p31.00 _r0 _sY _tBOOK _u2016-09-20 _xSALUD _PP22 _0COMPRA _o.STAFF -- Colección General Juliaca |
||
| 994 |
_aC0 _bPEPRU |
||
| 596 | _a1 3 | ||
| 999 |
_a574 S66 _wDEWEY _c32537 _i54188 _d32537 _e2019-6-13 _f2021-11-5 _g5 _lCCODEBUL1 _mBUL _n8 _p129.00 _q4 _r0 _sY _tBOOK _u2015-6-24 _xBIBLIOTECA _zUNKNOWN _0COMPRA _o.STAFF. Colección Ciencias de la Salud |
||
| 999 |
_a574 S66 _wDEWEY _c2 _i49678 _d2019-6-24 _e2019-6-7 _f2021-11-5 _g5 _lCCODEBUL1 _mBUL _n18 _q21 _r0 _sY _tBOOK _u2015-6-24 _xBIBLIOTECA _zUNKNOWN _0COMPRA _o.STAFF. Colección General |
||
| 999 |
_a574 S66 _wDEWEY _c1 _iFJ05953 _d2019-9-30 _e2019-9-25 _f2022-1-25 _g4 _lCCODEBUJ1 _mBUJ _n2 _p31.00 _q6 _r0 _sY _tBOOK _u2017-1-25 _xSALUD _PP22 _0COMPRA _o.STAFF. Colección General Juliaca |
||
| 980 |
_81 _gALBERTO SANCHEZ Responsable de Automatización |
||